Funk & Wagnalls New Encyclopedia Volume 2 : American english to assiniboine

Bibliographic Details
Main Author: [s.n.]
Format: Book
Published: New York : Funk & Wagnalls , [s.n.]
Subjects:

MARC

LEADER 00000cam a2200000 7i4500
001 0000065636
005 20160818.0
008 160818
020 |a 0834300915 
090 0 0 |a 900   |b FUN 
100 1 |a [s.n.] 
245 1 0 |a Funk & Wagnalls New Encyclopedia Volume 2 :   |b American english to assiniboine   |c [s.n.] 
260 |a New York :   |b Funk & Wagnalls ,   |c [s.n.] 
300 |a 448pg. :   |b Col.ill 
650 0 |a General geography & history 
999 |a 0000952466   |b Book   |c Adult Collection   |e Cawangan Bukit Gambir